[Event "Reykjavik op"]
[Site "Reykjavik"]
[Date "2024.03.17"]
[Round "4"]
[White "Skaslien, Ingrid"]
[Black "Eythorsson, Engilbert Vidar"]
[Result "1-0"]
[WhiteElo "1996"]
[BlackElo "1743"]
[PlyCount "83"]
[EventDate "2024.03.15"]
[EventType "swiss"]
[EventRounds "9"]
[EventCountry "ISL"]
[SourceTitle "CB13_2024"]
[SourceDate "2024.03.27"]
[SourceVersion "1"]
[SourceVersionDate "2024.03.27"]
[SourceQuality "1"]

1. d4 Nf6 2. c4 e6 3. Nf3 b6 4. a3 Bb7 5. Nc3 Be7 6. Qc2 0-0 7. Bf4 d5 8. cxd5 exd5 9. Nb5 Bd6 10. Bxd6 cxd6 11. Nc7 Nc6 12. Nxa8 Qxa8 13. e3 Rc8 14. Qd2 Na5 15. Bd3 Nc4 16. Qe2 a5 17. a4 b5 18. axb5 a4 19. 0-0 Qa5 20. b3 Qxb5 21. bxc4 dxc4 22. Bc2 Ne4 23. Bxa4 Qh5 24. Qb2 Bd5 25. Bd7 Rd8 26. Qb5 Rf8 27. Ra5 Nf6 28. Bc6 Rc8 29. Bxd5 Nxd5 30. Qb7 Qf5 31. Qxd5 c3 32. Qxf5 Rb8 33. Ra2 Rf8 34. Rfa1 g6 35. Qd3 c2 36. Qxc2 d5 37. Ra8 h5 38. Qc7 h4 39. Rxf8+ Kxf8 40. Ra7 Kg8 41. Qxf7+ Kh8 42. Qh7# 1-0

[Event "Kragero (Women)"]
[Site "Kragero"]
[Date "2022.06.04"]
[Round "6"]
[White "Doluhanova, Evgeniya"]
[Black "Skaslien, Ingrid"]
[Result "1-0"]
[WhiteElo "2275"]
[BlackElo "1884"]
[PlyCount "61"]
[EventDate "2022.06.02"]
[EventType "tourn"]
[EventRounds "9"]
[EventCountry "NOR"]
[SourceTitle "CBM 208 Extra"]
[Source "ChessBase"]
[SourceDate "2022.07.31"]
[SourceVersion "1"]
[SourceVersionDate "2022.07.31"]
[SourceQuality "1"]

1. Nf3 d5 2. b3 Nf6 3. Bb2 e6 4. e3 Be7 5. Be2 0-0 6. 0-0 b6 7. d3 Nbd7 8. c4 Bb7 9. cxd5 Nxd5 10. Nbd2 c5 11. Ne4 Rc8 12. Rc1 N7f6 13. Ng3 Qc7 14. a3 Qb8 15. Be5 Qa8 16. e4 Nc7 17. Qd2 Nd7 18. Bb2 Bf6 19. Bxf6 Nxf6 20. Qg5 h6 21. Qh4 Rfd8 22. e5 Nfe8 23. Rc4 Nd5 24. Nh5 b5 25. Rg4 Nc3 26. Bd1 Kf8 27. Nxg7 Nxg7 28. Qxh6 Nxd1 29. Qxg7+ Ke8 30. Ng5 Rd7 31. Qg8+ 1-0

[Event "Kragero (Women)"]
[Site "Kragero"]
[Date "2022.06.03"]
[Round "3"]
[White "Hryzlova, Sofiia"]
[Black "Skaslien, Ingrid"]
[Result "1-0"]
[WhiteElo "2165"]
[BlackElo "1884"]
[PlyCount "93"]
[EventDate "2022.06.02"]
[EventType "tourn"]
[EventRounds "9"]
[EventCountry "NOR"]
[SourceTitle "CBM 208 Extra"]
[Source "ChessBase"]
[SourceDate "2022.07.31"]
[SourceVersion "1"]
[SourceVersionDate "2022.07.31"]
[SourceQuality "1"]

1. d4 Nf6 2. c4 e6 3. Nc3 Bb4 4. e3 0-0 5. Bd2 d5 6. Nf3 a6 7. Rc1 Nbd7 8. cxd5 exd5 9. Bd3 Bd6 10. Qb3 c6 11. 0-0 Re8 12. Qc2 Qe7 13. Ne1 Ne4 14. Nxe4 dxe4 15. Be2 Qh4 16. f4 Nf6 17. b4 Nd5 18. a3 Bf5 19. Qd1 Re6 20. g3 Qh3 21. Rf2 Nf6 22. Bf1 Qh6 23. Be2 Qh3 24. Bf1 Qh6 25. h3 Qg6 26. g4 h5 27. g5 Nd5 28. Ng2 f6 29. Nh4 Qh7 30. g6 Bxg6 31. f5 Bg3 32. Nxg6 Bxf2+ 33. Kxf2 Ree8 34. Bc4 Rad8 35. h4 Rd7 36. Qe2 Qh6 37. Nf4 Kh7 38. Bxd5 Rxd5 39. Nxd5 cxd5 40. Rg1 g5 41. fxg6+ Kg7 42. b5 Re6 43. Bb4 f5 44. Qc2 Rxg6 45. Qc7+ Kh8 46. Qc8+ Kh7 47. Qxf5 1-0

[Event "Wch FIDE Online U18 Girls Europe qual"]
[Site "Tornelo INT"]
[Date "2020.12.08"]
[Round "4"]
[White "Skaslien, Ingrid"]
[Black "Mihailidou, Magdalini"]
[Result "0-1"]
[WhiteElo "1689"]
[BlackElo "1521"]
[PlyCount "56"]
[EventDate "2020.12.07"]
[EventType "swiss (rapid)"]
[EventRounds "7"]
[EventCountry "ISS"]
[SourceTitle "EXT 2022"]
[Source "ChessBase"]
[SourceDate "2021.10.06"]
[SourceVersion "1"]
[SourceVersionDate "2021.10.06"]
[SourceQuality "1"]

1. d4 Nf6 2. c4 e6 3. Nc3 Bb4 4. e3 0-0 5. Bd3 d5 6. cxd5 exd5 7. Nge2 c5 8. a3 Bxc3+ 9. bxc3 Qe7 10. 0-0 Nc6 11. f3 b6 12. Qc2 Bb7 13. e4 c4 14. e5 cxd3 15. Qxd3 Nd7 16. f4 a5 17. Qb5 Nd8 18. Ra2 f6 19. a4 fxe5 20. Ba3 Qe6 21. Bxf8 Nxf8 22. fxe5 Nf7 23. Nf4 Qg4 24. Qxb6 Ba6 25. Qxa5 Bxf1 26. Qxa8 Bc4 27. Ra1 Qxf4 28. Qd8 Nxd8 0-1

[Event "Wch FIDE Online U18 Girls Europe qual"]
[Site "Tornelo INT"]
[Date "2020.12.07"]
[Round "2"]
[White "Skaslien, Ingrid"]
[Black "Simkunaite, Gabija"]
[Result "0-1"]
[WhiteElo "1689"]
[BlackElo "1899"]
[PlyCount "96"]
[EventDate "2020.12.07"]
[EventType "swiss (rapid)"]
[EventRounds "7"]
[EventCountry "ISS"]
[SourceTitle "EXT 2022"]
[Source "ChessBase"]
[SourceDate "2021.10.06"]
[SourceVersion "1"]
[SourceVersionDate "2021.10.06"]
[SourceQuality "1"]

1. d4 Nf6 2. c4 e5 3. dxe5 Ng4 4. Bf4 Nc6 5. Nf3 Bb4+ 6. Nbd2 Qe7 7. e3 Ngxe5 8. Nxe5 Nxe5 9. Be2 Bxd2+ 10. Qxd2 d6 11. 0-0 0-0 12. b4 Be6 13. Rac1 Rad8 14. Qd4 Nc6 15. Qc3 Bf5 16. Bf3 Be4 17. Bxe4 Qxe4 18. Rfd1 Rfe8 19. Rd5 h6 20. Rcd1 Ne7 21. R5d4 Qc6 22. Qd3 Ng6 23. Bg3 b6 24. h3 Ne5 25. Qe2 Ng6 26. Qh5 Qa4 27. c5 Qxa2 28. cxd6 cxd6 29. Bxd6 Qb2 30. Qb5 Re6 31. Rd5 Kh7 32. Qd3 Rf6 33. Qd2 Qxd2 34. R1xd2 a5 35. bxa5 bxa5 36. Bc7 Rxd5 37. Rxd5 a4 38. Ra5 Rc6 39. Ra7 Rc4 40. Bd6 Rc1+ 41. Kh2 Rc2 42. Kg3 Ra2 43. Rxf7 Rd2 44. Bc5 Ne5 45. Ra7 Nc6 46. Kf3 Nxa7 47. Bb4 Rb2 48. Bc3 Rb3 0-1

[Event "Fagernes op"]
[Site "Fagernes"]
[Date "2020.10.07"]
[Round "5"]
[White "Skaslien, Ingrid"]
[Black "Nilsen, Tobias Lang"]
[Result "0-1"]
[WhiteElo "1976"]
[BlackElo "2146"]
[PlyCount "54"]
[EventDate "2020.10.04"]
[EventType "swiss"]
[EventRounds "9"]
[EventCountry "NOR"]
[SourceTitle "EXT 2021"]
[Source "ChessBase"]
[SourceDate "2020.10.23"]
[SourceVersion "1"]
[SourceVersionDate "2020.10.23"]
[SourceQuality "1"]

1. d4 e6 2. c4 Nf6 3. Nc3 Bb4 4. f3 c5 5. d5 b5 6. e4 bxc4 7. Bxc4 exd5 8. exd5 0-0 9. Nge2 d6 10. 0-0 Nbd7 11. a3 Ba5 12. Bg5 Ne5 13. b3 h6 14. Bh4 Ng6 15. Bg3 Nh5 16. Bf2 Nhf4 17. Ne4 Nxe2+ 18. Qxe2 Re8 19. Qb2 Rb8 20. Rac1 Ne5 21. Qa1 Bf5 22. Qa2 Bxe4 23. fxe4 Qg5 24. b4 cxb4 25. axb4 Bxb4 26. Bxa7 Ra8 27. Qf2 Rxa7 0-1

[Event "NOR-ch (Women)"]
[Site "Bergen"]
[Date "2020.03.01"]
[Round "4"]
[White "Hansen, Erle Andrea Marki"]
[Black "Skaslien, Ingrid"]
[Result "0-1"]
[WhiteElo "1860"]
[BlackElo "1847"]
[PlyCount "96"]
[EventDate "2020.02.28"]
[EventType "swiss"]
[EventRounds "5"]
[EventCountry "NOR"]
[SourceTitle "CBM 195 Extra"]
[Source "ChessBase"]
[SourceDate "2020.05.31"]
[SourceVersion "1"]
[SourceVersionDate "2020.05.31"]
[SourceQuality "1"]

1. e4 d6 2. d4 Nf6 3. Nc3 Nbd7 4. Bc4 e5 5. Nf3 Be7 6. h3 c6 7. Be3 b5 8. Bd3 a6 9. Ne2 Qc7 10. c3 c5 11. d5 c4 12. Bc2 Nc5 13. Ng3 0-0 14. b4 cxb3 15. axb3 Bd7 16. 0-0 Rfc8 17. Nd2 a5 18. c4 Na6 19. Bd3 b4 20. f4 Nc5 21. Bc2 exf4 22. Bxf4 Ne8 23. Nf5 Bxf5 24. exf5 Bf6 25. Ra2 Be5 26. Be3 Nf6 27. g4 g6 28. Qb1 Re8 29. g5 Nh5 30. Nf3 Bg3 31. Bd4 Nf4 32. fxg6 hxg6 33. Bd1 Ne4 34. Nh2 Nxh3+ 35. Kg2 Nhxg5 36. Ng4 Be5 37. Nh6+ Kg7 38. Be3 f5 39. Nxf5+ gxf5 40. Rxf5 Bf6 41. Qc1 Kg6 42. Bg4 Qe7 43. Kg1 Rh8 44. Rg2 Rag8 45. Qf1 Kf7 46. Bd4 Rh6 47. Rxg5 Nxg5 48. Qf5 Qe1+ 0-1